El Movimiento obrero. Fichas n° 1
Uloženo v:
| Hlavní autor: | |
|---|---|
| Médium: | Text |
| Vydáno: |
Heredia:
UNA. IESTRA. Unidad de Extensión
|
| Tagy: |
Přidat tag
Žádné tagy, Buďte první, kdo vytvoří štítek k tomuto záznamu!
|
MARC
| LEADER | 00000 a a2200000 04500 | ||
|---|---|---|---|
| 001 | 15287 | ||
| 003 | |||
| 040 | |a CRAI/IIS |c CRAI/IIS | ||
| 090 | |a 021100 | ||
| 100 | |a Fallas Baldi, Carlos Alberto | ||
| 245 | |a El Movimiento obrero. Fichas n° 1 | ||
| 260 | |a Heredia: |b UNA. IESTRA. Unidad de Extensión | ||
| 300 | |a 51 p. | ||
| 999 | |c 17128 |d 17128 | ||
